Babies Named for Countries Quiz Stats

 Plays Quiz Updated Feb 11, 2013

Challenge
Share
Tweet
Embed
Score 0/25 Timer 06:00
1 Play Today
Babies Given That Name Country % Correct
57 girlsChina
93.3%
250 girlsIndia
83.3%
25 girlsBrazil
66.5%
54 girlsItaly
59.1%
112 girls and 11 boysEgypt
58.3%
8,008 boys and 1,623 girlsJordan
56.3%
1,592 boys and 34 girlsIsrael
56.1%
248 girlsIreland
54.8%
436 boysChad
53.3%
334 girls and 10 boysKenya
52.7%
5 girlsArgentina
47.7%
11 boys and 6 girlsIran
47.1%
1,037 girlsGeorgia
44.8%
Babies Given That Name Country % Correct
18 girlsGermany
43.4%
15 girlsJamaica
42.6%
7 girlsSweden
40.3%
48 girlsMali
36%
21 girlsSyria
35.7%
7 girlsLibya
35%
5 girlsNigeria
31.8%
13 girlsDominica
30.6%
262 girlsMalaysia
27.5%
5 girlsBelize
26.3%
11 boysTaiwan
26.1%
7 boysCyprus
21.3%

You're not logged in!

Compare scores with friends on all Sporcle quizzes.
OR
Log In

You Might Also Like...

Show Comments

Extras

Top Quizzes Today


Score Distribution

Your Account Isn't Verified!

In order to create a playlist on Sporcle, you need to verify the email address you used during registration. Go to your Sporcle Settings to finish the process.

Report this User

Report this user for behavior that violates our Community Guidelines.

Details: